000 00883nam a2200265 i 4500
001 bg
003 BPK
005 20221125131738.0
008 000203s1999 pl a |000 0 pol d
020 _a8385724370
040 _cBPK
080 _a613/614
080 _a616-084
245 0 0 _aPromocja zdrowia :
_bpraca zbiorowa /
_cpod red. Jerzego B. Karskiego ; aut. Zdzisław Chromiński [et al.].
260 _aWarszawa :
_b"Ignis",
_c1999.
300 _a521 s. :
_bmapy, rys., wykr. ;
_c20 cm.
504 _aBibliogr. s.458-478.
650 9 _aHigiena
650 4 _aPromocja zdrowia
650 4 _aMedycyna społeczna
700 1 _aChromiński, Zdzisław.
700 1 _aKarski, Jerzy Bohdan
_d(1934-2009)
_eRedakcja
856 _uhttp://koha.tu.koszalin.pl/cgi-bin/koha/opac-detail.pl?biblionumber=36586
_yKatalog online BPK
942 _cKS
_2UKD
999 _c36586
_d36586